Milénium. 2, Země bojující /

Druhý díl sci-fi trilogie vypráví o boji lidstva s příšerami - dropauty, které ohrožují Zemi.

Uloženo v:
Hlavní autor: Neff, Ondřej, 1945- (Autor)
Médium: E-kniha
Jazyk:Czech
Vydáno: Praha : Městská knihovna v Praze, 2026
Vydání:V MKP 1. elektronické vydání
Témata:
On-line přístup:Odkaz na plný text
Plný text
Plný text
Plný text
Obálka
Tagy:
Žádné tagy
LEADER 02177nam a2200421 i 4500
001 5232832
003 CZ-PrMKP
005 20260513140745.1
007 ta
008 260421s2026----xr-----go-----000-f-cze--
020 |a 978-80-274-5005-3  |q (online ;  |q pdf) 
020 |a 978-80-274-5004-6  |q (online ;  |q epub) 
020 |a 978-80-274-5006-0  |q (online ;  |q prc) 
040 |a ABG001  |b cze  |e rda 
072 7 |a 821.162.3-3  |x Česká próza  |2 Konspekt  |9 25 
080 |a 821.162.3-31  |2 MRF_2003 
080 |a (0:82-311.9)  |2 MRF_2003 
100 1 |a Neff, Ondřej,  |d 1945-  |7 jk01082907  |4 aut 
245 1 0 |a Milénium.  |n 2,  |p Země bojující /  |c Ondřej Neff 
246 3 0 |a Země bojující 
250 |a V MKP 1. elektronické vydání 
264 1 |a Praha :  |b Městská knihovna v Praze,  |c 2026 
300 |a 1 online zdroj (331 stran) ; 
336 |a text  |b txt  |2 rdacontent 
337 |a počítač  |b c  |2 rdamedia 
338 |a online zdroj  |b cr  |2 rdacarrier 
520 2 |a Druhý díl sci-fi trilogie vypráví o boji lidstva s příšerami - dropauty, které ohrožují Zemi.  |b Druhý díl trilogie Milénium je časově posunut o čtvrtstoletí dál. Místo širokého pohledu na globální události čtenář sleduje příhody policisty Salzmanna, v závěru prvního dílu rovněž proměněného na ještěra, který se stává hříčkou v rukou zločineckého gangu produkujícího nebezpečnou drogu, schopnou proměnit člověka ve vraždící bestii – „dropauta". 
655 7 |a české romány  |7 fd133974  |2 czenas 
655 7 |a vědecko-fantastické romány  |7 fd133847  |2 czenas 
655 9 |a Czech fiction  |2 eczenas 
655 9 |a science fiction novels  |2 eczenas 
710 2 |a Městská knihovna (Praha, Česko)  |7 kn20010709068  |4 pbl 
856 4 1 |u http://search.mlp.cz/searchMKP.jsp?action=sTitul&key=5232832  |y Odkaz na plný text 
856 4 1 |q epub  |u https://web2.mlp.cz/koweb/00/05/23/28/32/zeme_bojujici.epub  |y Plný text 
856 4 1 |q pdf  |u https://web2.mlp.cz/koweb/00/05/23/28/32/zeme_bojujici.pdf  |y Plný text 
856 4 1 |q prc  |u https://web2.mlp.cz/koweb/00/05/23/28/32/zeme_bojujici.prc  |y Plný text 
856 4 1 |u https://web2.mlp.cz/koweb/00/05/23/28/32.jpg  |y Obálka 
910 |a ABG001